Critical Decisions in Periodontology / (Record no. 17164)

MARC details
000 -LEADER
fixed length control field 00624 am a22002178a 4500
001 - CONTROL NUMBER
control field 006922393
005 - DATE AND TIME OF LATEST TRANSACTION
control field 20161208113136.0
008 - FIXED-LENGTH DATA ELEMENTS--GENERAL INFORMATION
fixed length control field 020719s2002 xxc || 000 ||eng
020 ## - INTERNATIONAL STANDARD BOOK NUMBER
International Standard Book Number 1550091840 :
020 ## - INTERNATIONAL STANDARD BOOK NUMBER
International Standard Book Number 9781550091847
082 04 - DEWEY DECIMAL CLASSIFICATION NUMBER
Classification number 617.632
Edition number 21
Item number HAL
100 1# - MAIN ENTRY--PERSONAL NAME
Personal name Hall, Walter B.
9 (RLIN) 32100
245 10 - TITLE STATEMENT
Title Critical Decisions in Periodontology /
Statement of responsibility, etc Walter B. Hall.
250 ## - EDITION STATEMENT
Edition statement 4th ed.
260 ## - PUBLICATION, DISTRIBUTION, ETC. (IMPRINT)
Place of publication, distribution, etc Hamilton, Ont. ;
-- London :
Name of publisher, distributor, etc B C Decker,
Date of publication, distribution, etc 2002.
300 ## - PHYSICAL DESCRIPTION
Extent 324 p. :
Other physical details ill. ;
Dimensions 28 cm.
500 ## - GENERAL NOTE
General note Includes CD-ROM.
653 ## - INDEX TERM--UNCONTROLLED
Resource For college
Arrived date list January2013
650 #0 - SUBJECT ADDED ENTRY--TOPICAL TERM
9 (RLIN) 32101
Topical term or geographic name as entry element Periodontal disease
942 ## - ADDED ENTRY ELEMENTS (KOHA)
Source of classification or shelving scheme Dewey Decimal Classification
Item type
Holdings
Withdrawn status Item status Source of classification or shelving scheme Damaged status Not for loan Vendor Home library Current library Shelving location Date acquired Source of acquisition Serial Enumeration / chronology Total Checkouts Full call number Barcode Date last seen Date last borrowed Koha item type
    Dewey Decimal Classification       Central Library Central Library First floor 29/01/2013 Donation 02516 3 617.632 HAL 000027924 15/07/2025 14/08/2018 Book - Borrowing